000
00333nam a2200145Ia 4500
008
230718s9999 xx 000 0 und d
041
_a
Eng.
082
_a
614.1
_b
HOC-T
100
_a
Hockton Andrew
245
4
_a
The Law of consent
260
_a
Pakistan
_b
Sweet and marwell
_c
2002
300
_a
303
650
_a
Law
999
_c
29887
_d
29887